| 000 | 00416 a2200109 4500 | ||
|---|---|---|---|
| 001 | ART_29931 | ||
| 005 | 20260410162002.0 | ||
| 008 | 260409a | ||
| 245 | 1 | 0 | _aRegreßverbot. La punibilidad de la contribución imprudente al hecho delictivo y el rol de los conocimientos del autor |
| 100 | 1 | _aDoldan, Nahuel D. E. | |
| 773 | 0 |
_tIntercátedras _gIV y V Encuentro 2013 - Nº 2 (jun. 2014) _wREV29919 |
|
| 999 |
_c31391 _d31391 |
||